000 00469 a2200169 4500
999 _c5637
_d5637
010 _aENG-86956
020 _a8173414157
_c695.00
035 _aEN-70489
037 _bDBAD / PUB
082 1 4 _a323
100 _aKaushik, A.S.
245 _aHuman rights violations /
_cby A.S. Kaushik
260 _aDelhi
_bIndian Publishers
_c2007
270 _a156-D, Kamla Nagar
_bDelhi
_e110 007
300 _av. 305p
_c21cm (Hb)
942 _adpl
_cEN
_2ddc
_h323
_mKAU